00731nam a22002057a 450000500170000001000150001702000260003203500130005803700130007108200120008410000230009624500800011926000430019927000550024230000200029750000400031794200260035799900170038395201250040020150907143225.0 aENG-113467 c400.00a9788170545514 aEN-96999 bDBAD/PUB a330.954 aSrivastava, Sanjay aIndian economic policy and agricultural development /cby Sanjay Srivastava aNew DelhibClassical Publishing c2011 a28, Shopping Centre, Karampura bNew Delhie110056 a176p.c22cm(Hb) aIncludes bibliographical references 2ddccENmSRIh330.954 c94896d94896 001040718NFICaDBADbDBADd2015-07-14eDBAD/PUBg400.00l0o330.954 SRIpEN-96999r2015-07-14 00:00:00t1v400.00yEN